000
00270nam a2200109Ia 4500
008
190911s9999||||xx |||||||||||||| ||und||
100
_a
John D. Spragins
245
0
_a
Telecommunications Protocols And Design
260
_a
USA
_b
Pearson
_c
1991
300
_a
716
942
_c
BK
999
_c
6841
_d
6841